Las derechas de la tradición y del ideal (Record no. 102953)

MARC details
000 -LEADER
campo de control de longitud fija 00771nam a2200205 i 4500
001 - NÚMERO DE CONTROL
campo de control 102953
003 - IDENTIFICADOR DE NÚMERO DE CONTROL
campo de control ES-MaACL
005 - FECHA Y HORA DE LA ÚLTIMA TRANSACCIÓN
campo de control 20240511063030.0
007 - CAMPO FIJO DE DESCRIPCIÓN FÍSICA--INFORMACIÓN GENERAL
campo de control de longitud fija t|
008 - DATOS DE LONGITUD FIJA--INFORMACIÓN GENERAL
campo de control de longitud fija 051222s1920 sp ||||1| spa d
080 ## - NÚMERO DE LA CLASIFICACIÓN DECIMAL UNIVERSAL
Número de la Clasificación Decimal Universal 32(460)"19"
100 1# - ENTRADA PRINCIPAL--NOMBRE DE PERSONA
Nombre de persona Pérez Bueno, Fernando,
Fechas asociadas al nombre 1877-1934
9 (RLIN) 90680
245 14 - MENCIÓN DEL TÍTULO
Título Las derechas de la tradición y del ideal
Resto del título : [séptima conferencia pronunciada en el Teatro del Centro de Madrid el día 17 de abril de 1920] /
Mención de responsabilidad, etc. por Fernando Pérez Bueno.
260 ## - PUBLICACIÓN, DISTRIBUCIÓN, ETC.
Lugar de publicación, distribución, etc. Madrid :
Nombre del editor, distribuidor, etc. El Debate,
Fecha de publicación, distribución, etc. [1920]
300 ## - DESCRIPCIÓN FÍSICA
Extensión 28 p. ;
Dimensiones 22 cm.
500 ## - NOTA GENERAL
Nota general En port.: Curso de Conferencias Sociales organizado por el Debate.
650 14 - PUNTO DE ACCESO ADICIONAL DE MATERIA--TÉRMINO DE MATERIA
Término de materia o nombre geográfico como elemento de entrada Política-
Subdivisión geográfica España-
Subdivisión cronológica S.XX.
9 (RLIN) 16272
852 ## - LOCALIZACIÓN
Ubicación ES-MaACL
Número de control de estantería 2200-F-1
Sublocalización o colección R.136543
Holdings
Estatus retirado Estado de pérdida Estado de daño No para préstamo Colección Biblioteca de origen Biblioteca actual Ubicación en estantería Fecha de adquisición Fuente de adquisición Total de préstamos Signatura topográfica completa Código de barras Visto por última vez Precio de reemplazo Tipo de ítem Koha
        Colección de folletos Biblioteca del Ateneo de Madrid Biblioteca del Ateneo de Madrid Depósito folletos 17/01/2008     2200-F-1 1107495 23/02/2023 23/02/2023 Folleto